| 000 | 00873nmc a2200313 a 4500 | ||
|---|---|---|---|
| 003 | AR-BaBNM | ||
| 005 | 20251128211740.0 | ||
| 008 | 106020s2003 ||||||||||||||000 | spa|| | ||
| 020 | _a84-8063-629-7 | ||
| 040 | _cAR-BaBNM | ||
| 100 | 1 | _aSaranson, Seymour B. | |
| 245 | 1 | 0 | _aEl predecible fracaso de la reforma educativa |
| 250 | _a1ª ed. | ||
| 260 |
_aBarcelona _bOctaedro _c2003 |
||
| 300 | 0 | _a174 p. | |
| 490 | 0 |
_aRepensar la educación _vno. 17 |
|
| 504 | _aContiene referencias bibliográficas | ||
| 650 | 4 | _aPOLITICA EDUCATIVA | |
| 653 | 0 | _aREFORMA EDUCATIVA | |
| 653 | 0 | _aPLANEAMIENTO EDUCATIVO | |
| 653 | 0 | _aGESTION EDUCATIVA | |
| 653 | 0 | _aINSTITUCIONES EDUCATIVAS | |
| 653 | 0 | _aSISTEMA EDUCATIVO | |
| 653 | 0 | _aEDUCACION Y PODER | |
| 800 | 1 | _aSancho, Juana María | |
| 800 | 1 | _aHernández, Fernando | |
| 942 | _cBK | ||
| 998 | _cme-solo cat | ||
| 999 |
_c20945 _d20945 |
||